Who's That With John Cleese? Quiz Stats

 Plays Quiz Updated Oct 27, 2018

Score 0/20 Timer 05:00
4 Plays Today
% Correct
Jim Henson and Kermit the Frog
93.5%
Prince Harry
92.2%
Taylor Swift
89.5%
Pierce Brosnan
88.3%
Steve Martin
86.4%
Rowan Atkinson
84.9%
Jamie Lee Curtis
83.3%
Tina Turner
82.3%
Jimmy Fallon
79.6%
Ringo Starr
78.6%
% Correct
Monty Python
77.5%
Conan O'Brien
77%
Lucy Liu
74.3%
Ted Danson
69.5%
George Harrison
64.3%
John Lithgow
61.5%
Peter Jackson
60.9%
Kevin Kline
55.3%
Jeremy Piven
31.4%
Tim Meadows
29.6%

You're not logged in!

Compare scores with friends on all Sporcle quizzes.
OR
Log In

Sporcle TV

Today on Sporcle TV


Watch our educational content, quiz creation guides, and fun videos on Sporcle TV.

Show Comments

Extras

Top Quizzes Today


Score Distribution

Your Account Isn't Verified!

In order to create a playlist on Sporcle, you need to verify the email address you used during registration. Go to your Sporcle Settings to finish the process.

Report this User

Report this user for behavior that violates our Community Guidelines.

Details: